|
|
|
|
| LEADER |
00000nab a2200000 a 4500 |
| 001 |
vtls000179751 |
| 003 |
SK-MaSNL |
| 005 |
20260304051426.0 |
| 008 |
250422c1984 xo 0 slo |
| 015 |
|
|
|a SNBRB19rr/mm-uuuuu
|
| 035 |
|
|
|a CL0189864
|
| 035 |
|
|
|a urn:nbn:sk:snk-ab2f86
|
| 035 |
|
|
|a (urnnbn)urn:nbn:sk:snk:ar-a02c64
|
| 035 |
|
|
|a (uuid)5d89c93c-a5e7-4e07-b580-13564cefdce5
|
| 040 |
|
|
|a SNKBUCL
|b slo
|c SNKBUCL
|e AACR2
|
| 041 |
0 |
|
|a slo
|
| 044 |
|
|
|a xo
|c SK
|
| 080 |
|
|
|a 808.1-051:061.3(47)
|2 1981
|
| 080 |
|
|
|a 061.3(47)
|2 1981
|
| 100 |
1 |
|
|a Doruľa, Ján,
|d 1933-
|4 aut
|9 13281
|
| 245 |
1 |
0 |
|a Deviaty medzinárodný zjazd slovakistov v Kijeve 6.-14. septembra 1983
|c Ján Doruľa
|
| 650 |
0 |
7 |
|a slavisti
|2 snkbucl
|9 85770
|
| 655 |
|
7 |
|a články z novín a časopisov
|2 snkbucl
|9 267496
|
| 773 |
0 |
|
|t Slavica slovaca
|g Roč. 19, č. 1 (1984), s. 109-110
|
| 850 |
|
|
|a Slovenská národná knižnica
|
| 852 |
|
|
|a Slovenská národná knižnica
|
| 954 |
|
|
|a odborná, vedecká literatúra pôvodná (slovenská)
|2 lita
|
| 958 |
|
|
|a article27
|
| 958 |
|
|
|a RK
|
| 958 |
|
|
|a SU
|
| 958 |
|
|
|a OND
|
| 958 |
|
|
|a EUIPO
|
| 992 |
|
|
|a RBX
|
| 999 |
|
|
|c 2703521
|d 2705451
|